| 000 | 00360 a2200133 4500 | ||
|---|---|---|---|
| 005 | 20250606104215.0 | ||
| 020 | _a9781803557717 | ||
| 082 | _a657 BAN | ||
| 245 | _aBanking and Accounting Issues. | ||
| 260 |
_aLondon, _bintechOpen, _c2022. |
||
| 300 |
_aix,175p.; iil.; figure, table, picture _bReferences. _c25cm. |
||
| 700 | _aALSHARARI, N. M. | ||
| 942 |
_2ddc _cBKS |
||
| 999 |
_c3300 _d3300 |
||